000 00883nam a2200301Ia 4500
003 OSt
005 20220912145821.0
006 a|||||r|||| 00| 0
007 ta
008 220909b |||||||| |||| 00| 0 eng d
020 _a9781405158374 (hbd)
024 _a82603
037 _cTextual
040 _aCSL
_beng
_cCSL
041 _aeng
082 _aI:(E9G):f, P8.1 cc6
100 _aDaayf Fouad Ed.
245 0 _aRecent advances in polyphenol research
260 _aChichester
_bWiley-Blackwell
_c2008
300 _ap.
_ccm.
500 _a''Includes bibliographical references''.; ''Index 379-393p''.
650 _a Flavonoid
650 _a Polyphenols-research
650 _aBotany
700 _a Lattanzio Vincenzo Ed.
942 _hI:(E9G):f, P8.1 cc6
_cTEXL
_2CC
999 _c38957
_d38957